[Event "VIE-ch U11"]
[Site "Ho Chi Minh City"]
[Date "2014.07.17"]
[Round "7"]
[White "Bui, Trung Hieu"]
[Black "Nguyen, Ba Tuan"]
[Result "1-0"]
[WhiteElo "1981"]
[BlackElo "1914"]
[PlyCount "139"]
[EventDate "2014.07.13"]
[EventType "swiss"]
[EventRounds "9"]
[EventCountry "VIE"]
[SourceTitle "EXT 2016"]
[Source "ChessBase"]
[SourceDate "2015.10.08"]
[SourceVersion "1"]
[SourceVersionDate "2015.10.08"]
[SourceQuality "1"]

1. e4 e5 2. Nf3 Nc6 3. Bc4 Bc5 4. Nc3 Nf6 5. d3 d6 6. Be3 Bb4 7. Qd2 Qe7 8. a3 Ba5 9. b4 Bb6 10. 0-0 Bg4 11. Ne1 h6 12. h3 Bd7 13. Nf3 0-0 14. Rad1 Nh7 15. d4 exd4 16. Nxd4 Nxd4 17. Bxd4 Bxd4 18. Qxd4 Qf6 19. Qd3 Qg6 20. Nd5 Kh8 21. Kh2 Ng5 22. f3 c6 23. Nf4 Qf6 24. Qxd6 Be6 25. Bxe6 Nxe6 26. Nxe6 Qxe6 27. Qxe6 fxe6 28. Rd7 Rab8 29. Rfd1 a6 30. Re7 Rf6 31. Rdd7 Rg6 32. Rxb7 Rd8 33. Rbd7 Rc8 34. Rd6 c5 35. Rexe6 Rg5 36. f4 Rh5 37. Rc6 Rf8 38. f5 Rd8 39. Rxc5 Rg5 40. f6 Rg6 41. fxg7+ Rxg7 42. Rxh6+ Kg8 43. Rh4 Kf8 44. Rf4+ Kg8 45. Rg4 Rxg4 46. hxg4 Re8 47. Rc4 Kg7 48. Kg3 Kf6 49. Kf3 Ra8 50. Rc5 Ke6 51. c4 Rf8+ 52. Rf5 Ra8 53. g3 Rc8 54. c5 Rd8 55. Rd5 Rf8+ 56. Ke2 Ra8 57. g5 a5 58. c6 axb4 59. axb4 Ra2+ 60. Kf3 Ra3+ 61. Kg4 Ra8 62. b5 Ra4 63. Kf4 Ra8 64. b6 Rf8+ 65. Kg4 Rc8 66. c7 Ke7 67. b7 Rxc7 68. b8Q Ke6 69. Qe8+ Re7 70. Qg6# 1-0

[Event "VIE-ch U11"]
[Site "Ho Chi Minh City"]
[Date "2014.07.14"]
[Round "3"]
[White "Ly, Dinh Minh Man"]
[Black "Nguyen, Ba Tuan"]
[Result "0-1"]
[WhiteElo "1952"]
[BlackElo "1914"]
[PlyCount "85"]
[EventDate "2014.07.13"]
[EventType "swiss"]
[EventRounds "9"]
[EventCountry "VIE"]
[SourceTitle "EXT 2016"]
[Source "ChessBase"]
[SourceDate "2015.10.08"]
[SourceVersion "1"]
[SourceVersionDate "2015.10.08"]
[SourceQuality "1"]

1. e4 e5 2. Nf3 Nc6 3. d4 exd4 4. Nxd4 Bc5 5. Be3 Qf6 6. Nxc6 Bxe3 7. fxe3 Qxc6 8. Qd5 Ne7 9. Qxc6 Nxc6 10. Bd3 0-0 11. 0-0 d6 12. Nc3 Be6 13. a3 Ne5 14. Nd5 c6 15. Nc7 Rac8 16. Nxe6 fxe6 17. Rxf8+ Rxf8 18. Rf1 Nxd3 19. Rxf8+ Kxf8 20. cxd3 Kf7 21. Kf2 Kf6 22. Kf3 e5 23. d4 h5 24. h4 Ke6 25. g4 g6 26. g5 Kd7 27. Ke2 Kc7 28. Kd3 Kb6 29. Kc4 Ka5 30. Kc3 Ka4 31. Kc2 b5 32. Kc3 a6 33. Kc2 b4 34. axb4 Kxb4 35. b3 c5 36. dxc5 dxc5 37. Kb2 c4 38. bxc4 Kxc4 39. Kc2 a5 40. Kd2 Kb3 41. Kd3 a4 42. Kd2 a3 43. Kc1 0-1